MAASAI MARA UNIVERSITY

LIBRARY CATALOGUE

Contact Us: +254 020 2685356/7 or 0774 057787

Box: 861-20500, NAROK, KENYA

Email: info@mmarau.ac.ke

Solitude de la pitié. (Record no. 25979)

MARC details
000 -LEADER
fixed length control field 00851nam a22001817a 4500
003 - CONTROL NUMBER IDENTIFIER
control field OSt
005 - DATE AND TIME OF LATEST TRANSACTION
control field 20220426042056.0
008 - FIXED-LENGTH DATA ELEMENTS--GENERAL INFORMATION
fixed length control field 170324b xxu||||| |||| 00| 0 eng d
020 ## - INTERNATIONAL STANDARD BOOK NUMBER
International Standard Book Number 9782070363308
040 ## - CATALOGING SOURCE
Original cataloging agency MMU
Transcribing agency MMU
Modifying agency MMU
Language of cataloging eng
050 00 - LIBRARY OF CONGRESS CALL NUMBER
Classification number PQ2613 .I57S6 1932
100 1# - MAIN ENTRY--PERSONAL NAME
Personal name Giono, Jean
Dates associated with a name 1895-1970.
245 10 - TITLE STATEMENT
Title Solitude de la pitié.
Statement of responsibility, etc. Jean, Giono
260 ## - PUBLICATION, DISTRIBUTION, ETC. (IMPRINT)
Place of publication, distribution, etc. [Paris]
Name of publisher, distributor, etc. Gallimard
Date of publication, distribution, etc. [1932]
300 ## - PHYSICAL DESCRIPTION
Extent 3 p. 1., [9]-222 p. 1 l.
Dimensions 19 cm.
505 0# - FORMATTED CONTENTS NOTE
Formatted contents note Solitude de la pitié.--Prélude de Pan.--Champs.--Ivan Ivanovitch Kossiakoff.--La main.--Annette ou une affaire de famille.--Au bord des routes.--Jofroi de la Maussan.--Philémon.--Joselet.--Sylvie.--Babeau.--Le mouton.--Au pays des coupeurs d'arbres.--La grande barrière.--Destruction de Paris.--Magnétisme.--Peur de la terre.--Radeaux perdus.--Le chant du monde.
942 ## - ADDED ENTRY ELEMENTS (KOHA)
Source of classification or shelving scheme Library of Congress Classification
Koha item type fiction
Holdings
Withdrawn status Lost status Source of classification or shelving scheme Damaged status Not for loan Home library Current library Date acquired Source of acquisition Total Checkouts Full call number Barcode Date last seen Price effective from Koha item type
    Library of Congress Classification     Maasai Mara University Library -Main Campus Maasai Mara University Library -Main Campus 03/24/2017 Donation -T4C   PQ2613 I57S6 1932 17029097 03/24/2017 03/24/2017 fiction
© 2016 Maasai Mara University.